[Event "Paleochora op 3rd"]
[Site "Paleochora"]
[Date "2010.07.25"]
[Round "5"]
[White "Asimakopoulos, Konstantinos"]
[Black "Tchantcev, Chaliko"]
[Result "1/2-1/2"]
[WhiteElo "1903"]
[BlackElo "2284"]
[PlyCount "98"]
[EventDate "2010.07.22"]
[EventType "swiss"]
[EventRounds "9"]
[EventCountry "GRE"]
[SourceTitle "CBM 137 Extra"]
[Source "ChessBase"]
[SourceDate "2010.09.01"]
[SourceVersion "1"]
[SourceVersionDate "2010.09.01"]
[SourceQuality "1"]

1. e4 d6 2. d4 Nf6 3. Nc3 g6 4. Bc4 Bg7 5. Be3 0-0 6. Nf3 c6 7. a4 Nxe4 8. Bxf7+ Rxf7 9. Nxe4 Qa5+ 10. c3 Na6 11. 0-0 Nc7 12. h3 h6 13. Nfd2 Nd5 14. Qe2 Bd7 15. Ng3 Nc7 16. Qd3 Bf5 17. Nxf5 Qxf5 18. Qxf5 Rxf5 19. Nf3 Kh7 20. Rfe1 a6 21. Bd2 e6 22. Re2 g5 23. Nh2 Raf8 24. Nf1 e5 25. dxe5 Bxe5 26. Ne3 R5f7 27. Nc4 Re7 28. Rae1 Rfe8 29. f4 Bf6 30. Rxe7+ Rxe7 31. Nxd6 Rxe1+ 32. Bxe1 b5 33. Ne4 Be7 34. axb5 axb5 35. fxg5 hxg5 36. Bd2 Kg6 37. Kf2 Nd5 38. Kf3 Kf5 39. g4+ Kg6 40. Ng3 Bf6 41. Ke4 Nb6 42. Nf5 Na4 43. Nd4 Bxd4 44. Kxd4 Nxb2 45. Kc5 Nc4 46. Be1 Ne5 47. Bg3 Nd3+ 48. Kxc6 b4 49. cxb4 Nxb4+ 1/2-1/2

[Event "Paleochora op 3rd"]
[Site "Paleochora"]
[Date "2010.07.24"]
[Round "4"]
[White "Llaneza Vega, Patricia"]
[Black "Asimakopoulos, Konstantinos"]
[Result "0-1"]
[WhiteElo "2289"]
[BlackElo "1903"]
[PlyCount "96"]
[EventDate "2010.07.22"]
[EventType "swiss"]
[EventRounds "9"]
[EventCountry "GRE"]
[SourceTitle "CBM 137 Extra"]
[Source "ChessBase"]
[SourceDate "2010.09.01"]
[SourceVersion "1"]
[SourceVersionDate "2010.09.01"]
[SourceQuality "1"]

1. e4 c6 2. d4 d5 3. Nc3 dxe4 4. Nxe4 Bf5 5. Ng3 Bg6 6. h4 h6 7. Nf3 e6 8. Ne5 Bh7 9. c3 Bd6 10. f4 Ne7 11. Bd3 Bxd3 12. Qxd3 Nd7 13. Qe2 Nf6 14. Bd2 0-0 15. 0-0-0 Qc7 16. Ne4 Nxe4 17. Qxe4 f5 18. Qe2 Bxe5 19. fxe5 c5 20. dxc5 Qxc5 21. Rh3 Nc6 22. Rg3 Qxe5 23. Qxe5 Nxe5 24. Bxh6 Ng4 25. Bg5 Nf2 26. Rd7 Ne4 27. Re3 Rf7 28. Rd4 Nxg5 29. hxg5 Re8 30. Re5 Kh7 31. Rd6 Kg6 32. Rdxe6+ Rxe6 33. Rxe6+ Kxg5 34. Kd2 Kf4 35. Ke2 g5 36. Re3 Rd7 37. a4 Kg4 38. c4 f4 39. Re5 Kh4 40. a5 g4 41. c5 Kg3 42. Kf1 a6 43. Re6 Rd1+ 44. Ke2 Rc1 45. b4 Kxg2 46. Kd2 Rb1 47. c6 bxc6 48. Rxc6 f3 0-1

[Event "GRE-chT Div-A 38th"]
[Site "Peristeri"]
[Date "2010.07.11"]
[Round "7"]
[White "Kouvatsos, Filippos"]
[Black "Asimakopoulos, Konstantinos"]
[Result "1-0"]
[WhiteElo "2144"]
[BlackElo "1903"]
[PlyCount "81"]
[EventDate "2010.07.05"]
[EventType "team-swiss"]
[EventRounds "7"]
[EventCountry "GRE"]
[SourceTitle "CBM 137 Extra"]
[Source "ChessBase"]
[SourceDate "2010.09.01"]
[SourceVersion "1"]
[SourceVersionDate "2010.09.01"]
[SourceQuality "1"]

1. d4 Nf6 2. Nf3 c5 3. d5 e6 4. c4 exd5 5. cxd5 d6 6. e4 g6 7. Bd3 Bg7 8. h3 0-0 9. 0-0 Re8 10. Nbd2 a6 11. a4 a5 12. Re1 Na6 13. Nc4 Re7 14. Bf4 Ne8 15. Qd2 Nb4 16. Rad1 b6 17. Bf1 f6 18. Bg3 Ba6 19. Na3 Bxf1 20. Kxf1 Rd7 21. Qf4 Qc8 22. Qc1 Qa6+ 23. Qc4 Qb7 24. Nb5 Rad8 25. Kg1 Nc7 26. Na3 Rb8 27. Nb5 Nxb5 28. Qxb5 f5 29. exf5 Bxb2 30. fxg6 hxg6 31. Re6 Kg7 32. Nh4 Bf6 33. Qc4 Bxh4 34. Qxh4 Nxd5 35. Qg5 Ne7 36. Rdxd6 Rbd8 37. Rxg6+ Nxg6 38. Rxg6+ Kf8 39. Rg8+ Kf7 40. Qg6+ Ke7 41. Bh4# 1-0

[Event "Nikaia op 16th"]
[Site "Nikaia"]
[Date "2008.08.26"]
[Round "2"]
[White "Asimakopoulos, Konstantinos"]
[Black "Rigopoulos, Theodoros"]
[Result "1/2-1/2"]
[WhiteElo "1833"]
[BlackElo "1749"]
[PlyCount "103"]
[EventDate "2008.08.25"]
[EventType "swiss"]
[EventRounds "9"]
[EventCountry "GRE"]
[SourceTitle "CBM 126 Extra"]
[Source "ChessBase"]
[SourceDate "2008.11.05"]
[SourceVersion "1"]
[SourceVersionDate "2008.11.05"]
[SourceQuality "1"]

1. Nf3 c5 2. g3 Nf6 3. Bg2 Nc6 4. c4 e6 5. 0-0 Qc7 6. Nc3 a6 7. d4 cxd4 8. Nxd4 Be7 9. Nxc6 dxc6 10. Qc2 0-0 11. Rd1 e5 12. Bg5 Be6 13. b3 h6 14. Bc1 Rad8 15. Bb2 Nd7 16. e3 f5 17. Ne2 Bf6 18. Rd2 Nb8 19. Rad1 Rxd2 20. Rxd2 Rd8 21. Qd1 Rxd2 22. Qxd2 Qd7 23. Qxd7 Nxd7 24. f4 Kf7 25. e4 exf4 26. Bxf6 Kxf6 27. Nxf4 fxe4 28. Bxe4 g5 29. Nxe6 Kxe6 30. Kf2 Ke5 31. Ke3 a5 32. Bg2 Nc5 33. h3 Ne6 34. Be4 Nd4 35. Bd3 c5 36. Be4 b6 37. Bg6 Nc6 38. Bh7 Ne7 39. Bc2 h5 40. g4 h4 41. Be4 Nc8 42. Bb1 Nd6 43. Bd3 Nf7 44. Be4 Nd8 45. Bd5 b5 46. Kd3 a4 47. bxa4 bxa4 48. Ke3 a3 49. Ke2 Ne6 50. Bxe6 Kxe6 51. Kd2 Kd6 52. Kd3 1/2-1/2

[Event "GRE-ch U16"]
[Site "Kallithea"]
[Date "2008.07.04"]
[Round "9"]
[White "Asimakopoulos, Konstantinos"]
[Black "Dounis, Alexandros"]
[Result "0-1"]
[WhiteElo "1827"]
[BlackElo "2200"]
[PlyCount "46"]
[EventDate "2008.06.28"]
[EventType "swiss"]
[EventRounds "9"]
[EventCountry "GRE"]
[SourceTitle "EXT 2010"]
[Source "ChessBase"]
[SourceDate "2010.11.25"]
[SourceVersion "1"]
[SourceVersionDate "2010.11.25"]
[SourceQuality "1"]

1. e4 d5 2. Nc3 dxe4 3. Nxe4 Nc6 4. Bb5 Qd5 5. Bxc6+ Qxc6 6. f3 Bf5 7. d3 0-0-0 8. Ne2 e5 9. N2c3 Bg6 10. Bg5 f6 11. Bh4 Ne7 12. Qe2 Nf5 13. Bf2 Nd4 14. Qd2 f5 15. Ng3 e4 16. fxe4 fxe4 17. Bxd4 Rxd4 18. Ngxe4 Bb4 19. a3 Bxe4 20. axb4 Bxg2 21. Rg1 Bf3 22. Qf2 Re8+ 23. Kd2 Qh6+ 0-1

[Event "GRE-ch U16"]
[Site "Kallithea"]
[Date "2008.06.29"]
[Round "3"]
[White "Asimakopoulos, Konstantinos"]
[Black "Kafetzopoulos, Anastasios"]
[Result "0-1"]
[WhiteElo "1827"]
[BlackElo "2037"]
[PlyCount "92"]
[EventDate "2008.06.28"]
[EventType "swiss"]
[EventRounds "9"]
[EventCountry "GRE"]
[SourceTitle "EXT 2010"]
[Source "ChessBase"]
[SourceDate "2010.11.25"]
[SourceVersion "1"]
[SourceVersionDate "2010.11.25"]
[SourceQuality "1"]

1. e4 c6 2. d4 d5 3. exd5 cxd5 4. Bd3 Nc6 5. c3 Qc7 6. h3 Nf6 7. Nf3 g6 8. 0-0 Bf5 9. Re1 Bxd3 10. Qxd3 Bg7 11. Nbd2 0-0 12. Nf1 Rab8 13. Ng3 b5 14. b4 a5 15. a3 a4 16. Bg5 Ne8 17. Qe3 Nd6 18. Bf4 Qd7 19. Qd3 Rb7 20. Bxd6 Qxd6 21. Ra2 e6 22. Ne2 Nb8 23. Nc1 Rc8 24. Qd2 Rbc7 25. Rc2 Nc6 26. Qe3 Ne7 27. Qd2 Nf5 28. g4 Bh6 29. Qd3 Ne7 30. Ne2 Rb7 31. Ne5 Nc6 32. Nf3 Nb8 33. Ne5 Nd7 34. Nxd7 Qxd7 35. Ng3 Qc7 36. h4 Qf4 37. Qe2 Rbc7 38. Rec1 Bg7 39. Kg2 Rc4 40. f3 Bf8 41. Nf1 Bd6 42. Qe3 h5 43. gxh5 gxh5 44. Kg1 Kh8 45. Kf2 Qxh4+ 46. Ke2 Bf4 0-1

[Event "Athens op"]
[Site "Athens"]
[Date "2008.06.15"]
[Round "2"]
[White "Asimakopoulos, Konstantinos"]
[Black "Klokas, Konstantinos"]
[Result "0-1"]
[WhiteElo "1827"]
[BlackElo "2160"]
[PlyCount "64"]
[EventDate "2008.06.14"]
[EventType "swiss"]
[EventRounds "9"]
[EventCountry "GRE"]
[SourceTitle "CBM 125 Extra"]
[Source "ChessBase"]
[SourceDate "2008.09.01"]
[SourceVersion "1"]
[SourceVersionDate "2008.09.01"]
[SourceQuality "1"]

1. e4 c5 2. Nf3 Nc6 3. d4 cxd4 4. Nxd4 Nf6 5. Nc3 e5 6. Ndb5 d6 7. Bg5 a6 8. Na3 b5 9. Bxf6 gxf6 10. Nd5 f5 11. Bd3 Be6 12. c4 Bxd5 13. cxd5 fxe4 14. Bxe4 Qa5+ 15. Qd2 Qxd2+ 16. Kxd2 Ne7 17. g4 Rg8 18. Rhg1 Bh6+ 19. Ke2 Rc8 20. Bxh7 Rh8 21. Be4 b4 22. Nc2 Nxd5 23. Ne3 Bxe3 24. fxe3 Rxh2+ 25. Kd3 Nf6 26. Rac1 Rxc1 27. Rxc1 Nxe4 28. Kxe4 Rxb2 29. Rc6 Rxa2 30. Rxd6 b3 31. Rb6 b2 32. Kxe5 Ra5+ 0-1

[Event "Attica-ch U16"]
[Site "Athens"]
[Date "2008.01.05"]
[Round "4"]
[White "Mavrikakis, Georgios"]
[Black "Asimakopoulos, Konstantinos"]
[Result "1-0"]
[WhiteElo "1585"]
[BlackElo "1440"]
[PlyCount "65"]
[EventDate "2008.01.02"]
[EventType "swiss"]
[EventRounds "7"]
[EventCountry "GRE"]
[SourceTitle "EXT 2011"]
[Source "ChessBase"]
[SourceDate "2010.11.26"]
[SourceVersion "1"]
[SourceVersionDate "2010.11.26"]
[SourceQuality "1"]

1. e4 e5 2. Nf3 Nc6 3. Bc4 Bc5 4. 0-0 Nf6 5. d4 Bxd4 6. Nxd4 Nxd4 7. f4 d6 8. fxe5 dxe5 9. Bg5 Be6 10. Na3 Qe7 11. Bxe6 Nxe6 12. Bxf6 gxf6 13. Qf3 Rg8 14. Qxf6 Qxf6 15. Rxf6 Ke7 16. Rh6 Rg7 17. Nc4 f6 18. Ne3 Rf7 19. Nd5+ Kf8 20. Rf1 Kg7 21. Rhxf6 Rxf6 22. Rxf6 Nf4 23. Rf5 Nxd5 24. exd5 Re8 25. Kf2 Kg6 26. g4 c6 27. dxc6 bxc6 28. Ke3 Rb8 29. b3 Rb5 30. c4 Ra5 31. a4 Ra6 32. Kd3 Rb6 33. Kc3 1-0

[Event "Attica-ch U16"]
[Site "Athens"]
[Date "2008.01.03"]
[Round "2"]
[White "Liaskos, Leonidas"]
[Black "Asimakopoulos, Konstantinos"]
[Result "0-1"]
[WhiteElo "1805"]
[BlackElo "1440"]
[PlyCount "72"]
[EventDate "2008.01.02"]
[EventType "swiss"]
[EventRounds "7"]
[EventCountry "GRE"]
[SourceTitle "EXT 2011"]
[Source "ChessBase"]
[SourceDate "2010.11.26"]
[SourceVersion "1"]
[SourceVersionDate "2010.11.26"]
[SourceQuality "1"]

1. e4 e5 2. Nc3 Nf6 3. f4 d5 4. fxe5 Nxe4 5. Nf3 Nc6 6. Qe2 Bf5 7. d3 Nxc3 8. bxc3 Be7 9. Rb1 Rb8 10. d4 0-0 11. Qf2 f6 12. exf6 Bxf6 13. Bd3 Qe7+ 14. Be3 Bxd3 15. cxd3 Rfe8 16. Kd2 Qa3 17. Kc2 Qxa2+ 18. Rb2 Qa3 19. Re1 b5 20. Bd2 Rxe1 21. Qxe1 Qd6 22. g3 a5 23. Bf4 Qd7 24. Ne5 Qe6 25. Qa1 Bxe5 26. dxe5 d4 27. Qa2 Qxa2 28. Rxa2 dxc3 29. Kxc3 Kf7 30. d4 Ke6 31. Bd2 a4 32. Kd3 Rd8 33. Ke3 Nxd4 34. Ba5 Rd7 35. Ke4 Nb3 36. Bc3 c5 0-1